Planets - Smallest to Biggest - Statistics

General Stats
  • This quiz has been taken 74 times
  • The average score is 8 of 8
Answer Stats
Rank Planet % Correct
7 Mars
98%
8 Mercury
98%
6 Venus
98%
5 Earth
95%
1 Jupiter
91%
4 Neptune
91%
2 Saturn
91%
3 Uranus
91%
No matching quizzes found
Score Distribution
Percent of People with Each Score
Percentile by Number Answered
Your Score History
You have not taken this quiz